Guess the country based off a landmark - Statistics

General Stats
  • This quiz has been taken 15 times
  • The average score is 12 of 15
Answer Stats
Landmark Answer % Correct
Christ the redeemer: A Gigantic statue of Jesus. Brazil
100%
Eiffel tower: A tower built by Gustave Eiffel, who had his office at the top. France
100%
Taj Mahal: An enormous mausoleum that was built by Shah Jahan to his favourite wife. India
100%
Colosseum: An ancient gladiator arena from the roman empire. Italy
100%
White house:A massive building where the president lives United states of america
100%
Bondi Beach: A very popular beach, It' is about 1 km long(0.6 miles). Australia
93%
Iguazu falls: Massive waterfall that mark the border between two countries Argentina
86%
Shibuya crossing: Worlds busiest pedestrian crossing, about 3000 people cross every green light cycle. Japan
86%
Basilica de Santa Maria de Guadalupe: A historic church known for beautiful architecture and historical impact. Mexico
79%
Hassan II mosque: One of the biggest mosques in the world. Morocco
79%
Wieliczka: A salt mine that was active for about 700 years. Poland
79%
Kölner Dom: A massive church that took 600 years to build. Germany
71%
Avicii arena: A globe-formed arena named after one of the countrys most famous artists. Sweden
64%
Muttrah souk: One of the oldest marketplaces in the region. Oman
36%
Freedom park: A park known for cultural activities. Nigeria
21%
No matching quizzes found
Score Distribution
Percent of People with Each Score
Percentile by Number Answered
Your Score History
You have not taken this quiz